000 01076cam a22003374i 4500
003 PE-LiUPU
005 20250731175632.0
008 150625s r 000 0 d
035 _a(Sirsi) a30937
040 _aPE-LiUPU
_bspa
_cPE-LiUPU
_erda
082 0 4 _a492.29
_bO95
_221
110 2 _aOxford university press
245 1 0 _aGramática aramea /
_cOxford University.
264 1 _a
336 _atext
_2rdacontent
337 _aunmediated
_2rdamedia
338 _avolume
_2rdacarrier
526 _aP145
526 _aP127
526 _aP97
526 _aP35
526 _aP14
526 _aP07
650 0 4 _aArameo
_xGramática.
910 _a
942 _2ddc
_cBOOK
949 _a492.29 O95
_wDEWEY
_c1
_i38724
_lCCODEBUL1
_mBUL
_p00.00
_r0
_sY
_tBOOK
_u2015-06-25
_xBIBLIOTECA
_zUNKNOWN
_0COMPRA
_o.STAFF. Colección General
596 _a1
999 _a492.29 O95
_wDEWEY
_c38435
_i38724
_f2021-11-5
_g5
_lCCODEBUL1
_mBUL
_r0
_sY
_tBOOK
_u2015-6-25
_xBIBLIOTECA
_zUNKNOWN
_0COMPRA
_o.STAFF. Colección General
_d38435
980 _81
_gALBERTO SANCHEZ Responsable de Automatización